Quizzes
Events
Quiz Creation
Community
Videos
Private Events
Remove Ads
Sign In
Join for FREE
Feedback
Dark Mode
Quiz Categories
Sports
Geography
Music
Movies
Television
Just For Fun
Miscellaneous
History
Literature
Language
Science
Gaming
Entertainment
Religion
Holiday
For Kids
Quiz Lab
Recent
Popular Today
Quiz Kudos Today
Editor Picks
Curator Picks
Quizzes by...
Day
Popularity
Type
Ratings
Length
Year
Community
Subscriptions
Recent Discussions
Orange Saloon
Badges
Playlists
Quests
Create
Leaderboards
Showdown
Live 5
Trivia Bingo
Activity
Puzzle Library
Sporcle Events
Private Events
Virtual Trivia
Globe League
Become a Host
Pub Owners
SporcleCon
Opinionation
Our Games
Videos
Blog
Mobile Apps
Partnerships
Remove Ads and Go Orange
Feedback
Geography
Country
Landmarks
City
State
Population
World
Capital
Continent
Flags
Europe
Africa
Asia
South America
North America
Oceania
Border
Canada
United Kingdom
Topography
United States
Geography
Country
Landmarks
City
State
Population
World
Capital
Continent
Flags
Europe
Africa
Asia
South America
North America
Oceania
Border
Canada
United Kingdom
Topography
United States
Random Quiz
Search Sporcle
×
Quiz Lab
Quiz Lab
Geography
Former
Type in answers that appear in a list
Type in answers that appear in a list
Classic
Best Score? Go Orange.
Former Inner London Metropolitan Boroughs Stats
Can you name the former inner London Metropolitan Boroughs (1900-1965)?
By
varndler
8m
28 Questions
307 Plays
307 Plays
307 Plays
Comments
Comments
Give Quiz Kudos
Give Quiz Kudos
-
- Ratings
hide this ad
Replay
Link that replays current quiz
Next Quiz
Link to next quiz in quiz playlist
You Got
0%
They Got
Avg Score
60%
Avg Friend Score
Upgrade to see
Score Distribution
Jump to the score distribution portion of the page
Score
0/28
Timer
08:00
0
Plays Today
% Correct
Chelsea
87.9%
Westminster
86.6%
Kensington
83.4%
Islington
82.7%
Southwark
82.7%
Fulham
81.8%
Lambeth
80.1%
Hammersmith
79.8%
Hackney
75.9%
Greenwich
71.3%
Wandsworth
69.4%
Lewisham
65.8%
St. Pancras
59%
Holborn
57.7%
% Correct
Hampstead
54.7%
Paddington
54.1%
St. Marylebone
52.1%
Battersea
51.8%
Bermondsey
50.2%
Finsbury
48.2%
Bethnal Green
46.3%
Shoreditch
46.3%
Poplar
42.7%
Stepney
42%
Camberwell
40.4%
Deptford
38.4%
Woolwich
37.8%
Stoke Newington
32.9%
Quiz Playlist
Details
Report
Send in Message
Add To Playlist
Classic:
Type in answers that appear in a list
Quiz Source
Last Updated: Feb 16, 2017
Quiz Scoreboard
CHALLENGE
Sign Up to Join the Scoreboard
Show All
Scores
Hide
Comments
May contain spoilers
Recently Published
Billboard Blitz: Fleetwood Mac
by CooCooCachoo
Music
15s
Presidents Visiting Landmarks
by Hejman
History
7m
An Introduction to Baseball
by treessimontrees
Sports
5m
More to Explore
Quiz From the Vault
Featured Blog Post
Where Did the Easter Bunny Come From?
hide this ad
You Might Also Like...
Tags
borough
Former
Inner
London
metropolitan
Today's Top Quizzes in Geography
Browse Geography
hide this ad
Today's Top Quizzes in Former
Browse Former
Top Contributed Quizzes in Geography
1
Countries of the World - No Outlines Minefield
2
Top 25 Cities of France on a map
3
Any capital of a 'B' country per Continent
4
Any capital of a 'C' country per Continent
5
Closest Countries to UK A-Z
6
Any capital of a 'D' country per Continent
7
5-to-1: US Geography No Hints
8
Any capital of an 'E' country per Continent
9
One Thing in Common: United Kingdom
10
Click the Alabama Counties! (Map)
Explore More
Trending Topics
Harry Potter
Disney
Anime
NBA
Crossword
Kpop
Marvel
Song
The Office
WWE
Puzzle
NFL
Pokémon
Country
Soccer
hide this ad
More By:
varndler
Quiz
Plays
Rating
Category
Featured
Created
Le Futur Simple
14,621
5.00
Language
Jan 13, 2016
Most Test Cricket Double Centuries
3,316
5.00
Sports
Dec 18, 2009
Major London Railway Stations
3,094
3.11
Geography
Dec 18, 2009
Busiest Tube Stations
1,436
4.39
Geography
Nov 20, 2009
UK Railway Stations Operated by Network Rail
1,416
4.00
Geography
Jan 23, 2013
Go to Creator's Profile
Score Distribution
Quiz Creator Spotlight
varndler
Follow
Send a Message
Quizzes Created
-
Created Quiz Play Count
-
More By This Creator
Popular Quizzes Today
1
Find the US States - No Outlines Minefield
2
Find the Countries of Europe - No Outlines Minefield
3
The Countries of the World
4
Find the US States
5
Risky Map Clicking: Biggest States A-Z
6
US States
7
Popular People in 1961
8
Movies - When Are They Set?
More Geography Quizzes
The Train Stations of Yorkshire
Quiz Lab
Trending Quizzes
Risky Map Clicking: Least Populous States A-Z
1-10 Letter G Words
1-10 Letter F Words
Risky Map Clicking: Next State Alphabetically
Risky Map Clicking: Biggest States A-Z
Recently Updated
Leaping Animals
pecheneg
Reality TV Shows (A-Z)
bhenderson79
Rickey Henderson's Hall of Fame Teammates
pecheneg
Champions League XIs: Arsenal
pecheneg
Quick Pick: Celebrities in WWE's Hall of Fame
aduchscher
A-Z Keypad Blitz II
pecheneg
Multiple Oscar Actors
pecheneg
Mystery Phrase Blitz: Oscar 'Best Actors'
pecheneg
F. Scott Fitzgerald Novels
LTH
Pick 3 Villains
ddd62291
Trending Topics
Crossword
Anime
NBA
Disney
Harry Potter
Kpop
Marvel
Song
The Office
Country
Pokémon
Soccer
Puzzle
WWE
NFL
Your Account Isn't Verified!
In order to create a playlist on Sporcle, you need to verify the email address you used during registration. Go to your
Sporcle Settings
to finish the process.
Report this User
Report this user for behavior that violates our
Community Guidelines
.
Details:
Send Report
Go to the Sporcle.com Mobile Site →
Comments